A simple guide to finite elements /

Bibliographic Details
Main Author: Owen, D. R. J.
Other Authors: Hinton, E. (Ernest)
Format: Book
Language:English
Published: Swansea, U.K. : Pineridge Press, 1980.
Subjects:

MARC

Tag First Indicator Second Indicator Subfields
LEADER 00000cam a2200000 a 4500
001 in00000098116
005 20150924085606.0
008 800829s1980 wlka b 00110 eng d
020 |a 0906674042 (pbk.) 
035 |a (OCoLC)06669040 
035 |9 AAK9482AM 
040 |a BKM  |c BKM  |d TXA  |d UtOrBLW 
049 |a TXAM  |c [802579] 
090 |a TA347 F5  |b O93 
100 1 |a Owen, D. R. J. 
245 1 2 |a A simple guide to finite elements /  |c D.R.J. Owen, E. Hinton. 
264 1 |a Swansea, U.K. :  |b Pineridge Press,  |c 1980. 
300 |a viii, 136 pages :  |b illustrations ;  |c 21 cm. 
336 |a text  |b txt  |2 rdacontent 
337 |a unmediated  |b n  |2 rdamedia 
338 |a volume  |b nc  |2 rdacarrier 
504 |a Includes bibliographical references and indexes. 
650 0 |a Finite element method. 
650 0 |a Engineering mathematics. 
700 1 |a Hinton, E.  |q (Ernest) 
944 |a stk  |h REPL<142678>REP-SAME<>REF<p-melgoza>  |m Replacement on order 
999 |a MARS 
999 f f |s ef64309c-f139-3d03-8474-a2fa4db04cd9  |i 5229150b-54ab-36a7-b232-29c5226f66a6  |t 0 
952 f f |p normal  |a Texas A&M University  |b College Station  |c Sterling C. Evans Library  |d Evans: Library Stacks  |t 0  |e TA347 F5 O93  |h Library of Congress classification  |i unmediated -- volume  |m A14834089732 
998 f f |a TA347 F5 O93  |t 0  |l Evans: Library Stacks